LEADER 01391nam a2200325 i 4500 001 000000051296 003 CaOOAMICUS 005 20191213092936.0 008 080405s1992 xx u000 u mul u 013 $a22468 020 $a88-7802-314-0 040 $aSeMil$bita 100 1 $aVarujan, Daniel <1884-1915>.$0(OLS)http://semarc/name/25386 245 13$aIl canto del pane /$cDaniel Varujan ; a cura e con introduzione di Antonia Arslan ; traduzione di Antonia Arslan e Chiara Haïganush Megighian. 250 $a2. ed. 260 $aMilano :$bGuerini e Associati,$c1992. 300 $a137 p. ;$c21 cm. 490 0 $aBiblioteca letteraria ;$v11 500 $aTesto originale armeno a fronte. 650 4$aLetteratura armena.$0(OLS)http://semarc/subject/10578 700 1 $aHaïganush Megighian, Chiara.$0(OLS)http://semarc/name/25388 700 1 $aArslan, Antonia,$d<1938- >.$0(OLS)http://semarc/name/25387 830 0$aBiblioteca letteraria [Guerini] ;$v11.$0(OLS)http://semarc/title/427356 850 $aSeMil 852 $aSeMil$W1$xVenegono$y1$m1V V 102$j17451$B17451$CSeMilBibl$Z2$F17452 $81 961 $aOmaggio: Donazione 996 $6020$a88-7802-314-0$9(OLS)http://semarc/number/25353 996 $6245$aIl canto del pane$9(OLS)http://semarc/title/78529 996 $6260$aMilano :$bGuerini e Associati$9(OLS)http://semarc/publisher/31885 LEADER 01302nam a2200289 i 4500 001 000000059596 003 CaOOAMICUS 005 20031112000000.0 008 031112s1983 it u000 u ita u 013 $a30768 020 $a88-01-10758-7 040 $aSeMil$bita 100 1 $aSoravito, Lucio.$0(OLS)http://semarc/name/30389 245 12$aI catechisti in Italia :$bidentità e formazione : indagine su 20.000 catechisti /$cLucio Soravito, Cesare Bissoli. 260 $aLeumann (Torino) :$bElle Di Ci,$cstampa 1983. 300 $a204 p. :$bill., grafici, tabelle ;$c24 cm. 490 0 $aStudi e ricerche di catechetica ;$v3 500 $aContiene : Appendice. 650 4$aCatechesi - Italia.$0(OLS)http://semarc/subject/10244 700 1 $aBissoli, Cesare.$0(OLS)http://semarc/name/510 830 0$aStudi e ricerche di catechetica ;$v3.$0(OLS)http://semarc/title/9343 850 $aSeMil 852 $aSeMil$W1$xVenegono$y1$m2C VI 68$j25749$B25749$CSeMilBibl$Z2$F25752 $81 961 $aOmaggio: Donazione 996 $6020$a88-01-10758-7$9(OLS)http://semarc/number/35527 996 $6245$aI catechisti in Italia :$bidentità e formazione : indagine su 20.000 catechisti$9(OLS)http://semarc/title/93143 996 $6260$aLeumann (Torino) :$bElle Di Ci$9(OLS)http://semarc/publisher/29809